AH International Schools' Libraries

Can I join your club? / (Record no. 49476)

MARC details
000 -LEADER
fixed length control field 00301nam a2200109 4500
020 ## - INTERNATIONAL STANDARD BOOK NUMBER
International Standard Book Number 9781848694361
100 ## - MAIN ENTRY--PERSONAL NAME
Personal name Kelly, John
9 (RLIN) 85134
245 ## - TITLE STATEMENT
Title Can I join your club? /
Statement of responsibility, etc John Kelly & Steph Laberis
260 ## - PUBLICATION, DISTRIBUTION, ETC. (IMPRINT)
Place of publication, distribution, etc London
Name of publisher, distributor, etc Little Tiger
Date of publication, distribution, etc 2017
300 ## - PHYSICAL DESCRIPTION
Extent unpaged.
Other physical details col. ill.
Dimensions 28 cm.
942 ## - ADDED ENTRY ELEMENTS (KOHA)
Source of classification or shelving scheme
Koha item type Book
Holdings
Withdrawn status Lost status Source of classification or shelving scheme Damaged status Not for loan Collection code Home library Current library Date acquired Total Checkouts Full call number Barcode Date last seen Date checked out Price effective from Koha item type
          Primary Asian Hope Primary Library Asian Hope Primary Library 09/02/2025 7 E KEL 209330 03/25/2026 03/04/2026 09/02/2025 Book

For any Logos Library related questions please contact Miss Art at swongnarasuk@asianhope.org.

For any Asian Hope Library related questions please contact Miss Raza at graza@asianhope.org.

Powered by Koha